Statistics for Camouflaged Animals

Click here to take the quiz!

General Stats

  • This quiz has been taken 76 times
  • The average score is 11 of 20

Answer Stats

HintAnimal% Correct
The nun watched the monk eye her all dayMonkey
98%
She held her gaze bravely at her attackerZebra
79%
What would it cost rich people to pay more?Ostrich
72%
The green goo seeps slowly out of the crackGoose
70%
Clean up this filth, or see the back of my hand!Horse
70%
Grab bits of the food before it's all gone!Rabbit
62%
You need to be a very brave boy todayBeaver
58%
The little waif roguishly tricked me of my moneyFrog
58%
During the fiasco, brave soldiers proved worthyCobra
58%
If you've got vermin to expel, I can help youPelican
57%
During the fiesta, pirouetting dancers spunTapir
53%
My three boys terrified me all day longOyster
53%
I added the lardon, key to the recipe's successDonkey
51%
I like to fish Arkansas rivers as often as I canShark
49%
Tell a man you love him and he'll be yoursLlama
43%
Didn't you get the memo? Use this paper!Mouse
40%
With a hop and a jump, I was ready for the dayPanda
38%
At rehearsal, a man derived great pleasureSalamander
36%
The sound of flutes and pipe ring in my earSandpiper
32%
You're not terribly nice to me at the momentOtter
30%

Score Distribution

Percentile by Number Answered

Percent of People with Each Score

Your Score History

You have not taken this quiz